<El> plan de capacitación popular / (Record no. 2100)
[ view plain ]
| 000 -LEADER | |
|---|---|
| campo de control de longitud fija | 00732nam a2200265Ia 4500 |
| 001 - NÚMERO DE CONTROL | |
| campo de control | 001029 |
| 008 - DATOS DE LONGITUD FIJA--INFORMACIÓN GENERAL | |
| campo de control de longitud fija | 221003s1996 xx 000 0 spa d |
| 035 ## - NÚMERO DE CONTROL DEL SISTEMA | |
| Número de control de sistema | CENDO_2101 |
| 041 ## - CÓDIGO DE IDIOMA | |
| Código de lengua del texto/banda sonora o título independiente | spa |
| 084 ## - OTRO NÚMERO DE CLASIFICACIÓN | |
| Número de clasificación | RI-00002-00012 |
| 245 #0 - MENCIÓN DEL TÍTULO | |
| Título | <El> plan de capacitación popular / |
| Mención de responsabilidad, etc. | Servicio Ecuatoriano de capacitación popular |
| 260 ## - PUBLICACIÓN, DISTRIBUCIÓN, ETC. | |
| Lugar de publicación, distribución, etc. | [S.l. : |
| Nombre del editor, distribuidor, etc. | s.n.], |
| Fecha de publicación, distribución, etc. | 1993 |
| 300 ## - DESCRIPCIÓN FÍSICA | |
| Extensión | 7 p. ; |
| Dimensiones | 30 cm |
| 650 ## - PUNTO DE ACCESO ADICIONAL DE MATERIA--TÉRMINO DE MATERIA | |
| Término de materia o nombre geográfico como elemento de entrada | ECUADOR |
| 9 (RLIN) | 3120 |
| 650 ## - PUNTO DE ACCESO ADICIONAL DE MATERIA--TÉRMINO DE MATERIA | |
| Término de materia o nombre geográfico como elemento de entrada | FORMACION |
| 9 (RLIN) | 418 |
| 650 ## - PUNTO DE ACCESO ADICIONAL DE MATERIA--TÉRMINO DE MATERIA | |
| Término de materia o nombre geográfico como elemento de entrada | FORMACION PROFESIONAL |
| 9 (RLIN) | 148 |
| 650 ## - PUNTO DE ACCESO ADICIONAL DE MATERIA--TÉRMINO DE MATERIA | |
| Término de materia o nombre geográfico como elemento de entrada | EMPLEO |
| 9 (RLIN) | 51 |
| 710 ## - ENTRADA AGREGADA--NOMBRE DE ENTIDAD CORPORATIVA | |
| Nombre de entidad corporativa o nombre de jurisdicción como elemento de entrada | SERVICIO ECUATORIANO DE CAPACITACION PROFESIONAL |
| 9 (RLIN) | 3141 |
| 901 ## - ELEMENTOS DE DATOS A LOCAL LDA (RLIN) | |
| a | 0 |
| 903 ## - ELEMENTOS DE DATOS C LOCAL, LDC (RLIN) | |
| a | NO |
| 953 ## - | |
| -- | 1996-08-27 |
| -- | DOCUMENTO |
| -- | RI-00002-00012 |
| 910 ## - DATOS DE OPCIÓN DEL USUARIO (OCLC) | |
| Datos de opción del usuario | 1996 |
| 942 ## - ELEMENTOS DE ENTRADA SECUNDARIOS (KOHA) | |
| Tipo de ítem Koha | Documento |
| Estatus retirado | Estado de pérdida | Estado de daño | No para préstamo | Biblioteca de origen | Biblioteca actual | Fecha de adquisición | Total de préstamos | Signatura topográfica completa | Código de barras | Visto por última vez | Precio de reemplazo | Tipo de ítem Koha |
|---|---|---|---|---|---|---|---|---|---|---|---|---|
| CENDO | CENDO | 27/08/1996 | RI-00002-00012 | CENDO_2101 | 05/10/2022 | 05/10/2022 | Documento |